Club de D1 dans le top 5 Européen - Statistiques

Statistiques générales
  • Ce quiz a été pris 59 fois
    40 depuis la dernière actualisation
  • Le résultat moyen est 69 sur 336
Statistiques - réponses
1ère année Nombre de titres Nom du club % Correct
1894 19 Liverpool
88%
1899 10 Manchester City
88%
1892 20 Manchester United
88%
1904 13 Arsenal
81%
1907 6 Chelsea
77%
1929 11 Atlético Madrid
73%
1929 27 FC Barcelone
73%
1932 9 Olympique de Marseille
73%
1971 12 Paris-Saint-Germain
73%
1938 10 AS Saint-Étienne
69%
1929 1 FC Séville
69%
1945 4 LOSC
69%
1929 36 Real Madrid
69%
1932 0 Stade rennais
69%
1963 8 FC Nantes
65%
1937 1 RC Lens
65%
1909 2 Tottenham Hotspur
65%
1945 6 FC Girondins de Bordeaux
62%
1908 1 Leicester City
62%
1932 4 OGC Nice
62%
1932 1 Olympique Lillois
62%
1945 7 Olympique lyonnais
62%
1978 0 Paris FC
62%
1929 1 Real Betis
62%
1979 0 Stade brestois
62%
1888 7 Aston Villa
58%
1979 1 Bayer Leverkusen
58%
1905 20 Inter Milan
58%
1900 36 Juventus
58%
1932 1 Montpellier HSC
58%
1921 0 SS Juve Stabia
58%
1929 6 Valence
58%
1923 0 West Ham United
58%
1900 19 AC Milan
54%
1980 1 AJ Auxerre
54%
1953 8 AS Monaco
54%
1929 8 Athletic Bilbao
54%
1925 33 Bayern Munich
54%
1948 8 Borussia Dortmund
54%
1897 4 Newcastle United
54%
1941 0 RC Strasbourg
54%
1934 1 RC Strasbourg
54%
1912 3 SSC Napoli
54%
1982 0 Toulouse FC
54%
1921 3 AS Roma
50%
1979 0 Brighton & Hove Albion
50%
1969 0 Crystal Palace
50%
1888 9 Everton
50%
1912 2 Lazio
50%
1938 0 Le Havre AC
50%
1892 1 Nottingham Forrest
50%
1929 2 Real Sociedad
50%
1927 2 ACF Fiorentina
46%
1956 0 Angers SCO
46%
1949 0 Fulham
46%
1966 0 Southampton
46%
1945 6 Stade de Reims
46%
1988 0 Stade Malherbe Caen
46%
1888 3 Wolverhampton Wanderers
46%
1998 0 FC Lorient
42%
1951 0 Las Palmas
42%
1919 0 1. FC Union Berlin
38%
1967 0 AC Ajaccio
38%
1919 0 Atalanta Bergame
38%
2015 0 Bournemouth
38%
2021 0 Clermont Foot 63
38%
1932 0 FC Metz
38%
1932 2 FC Sète 34
38%
2017 0 Girona
38%
1924 3 Leeds United
38%
1932 0 Nîmes Olympique
38%
1968 0 SC Bastia
38%
1890 6 Sunderland
38%
1898 7 Torino
38%
1997 1 VfL Wolfsburg
38%
1970 0 AS Nancy-Lorraine
35%
2011 0 Dijon FCO
35%
1929 0 Espanyol Barcelone
35%
1946 0 FC Nancy
35%
1898 9 Genoa CFC
35%
1960 0 Grenoble Foot 38
35%
1972 0 Norwich City
35%
2016 0 RB Leipzig
35%
1932 0 Red Star FC
35%
1893 1 Sheffield United
35%
1903 3 Vfb Leipzig
35%
1998 0 Villarreal
35%
1932 0 As Cannes
31%
1935 0 Brentford
31%
1888 2 Burnley
31%
1964 1 Cagliari Calcio
31%
1921 0 Cardiff City
31%
1936 0 FC Rouen 1899
31%
1935 0 Osasuna
31%
1948 0 Real Valladolid
31%
1926 7 Schalke 04
31%
1959 0 SC Toulon
31%
1888 0 Stoke City
31%
1981 0 Swansea City
31%
1935 0 Valenciennes FC
31%
1934 5 VfB Stuttgart
31%
1894 0 Birmingham City
27%
1955 0 CS Sedan
27%
1930 0 Deportivo Alavés
27%
1995 0 EA Guingamp
27%
1999 0 ESTAC Troyes
27%
2011 0 Évian Thonon Gaillard
27%
1932 2 FC Sochaux-Montbéliard
27%
2004 0 Getafe
27%
1905 2 Hertha BSC
27%
1960 0 Majorque
27%
1921 0 Parme Calcio
27%
1968 0 Queens Park Rangers
27%
1977 0 Rayo Vallecano
27%
1976 0 Stade lavallois
27%
2008 0 TSG Hoffenheim
27%
1899 1 UC Sampdoria
27%
1919 9 1. FC Nuremberg
23%
1910 7 Bologne FC
23%
1919 5 Borussia Mönchengladbach
23%
1929 0 Celta Vigo
23%
1929 1 Deportivo La Corogne
23%
1927 1 Eintracht Francfort
23%
2011 0 FC Augsbourg
23%
1941 0 Grenade
23%
1910 1 Hellas Vérone
23%
1961 1 Ipswich Town
23%
1949 0 Málaga
23%
1921 0 Palerme FC
23%
1927 2 Portsmouth
23%
1929 0 Real Sporting de Gijon
23%
1939 0 Real Zaragoza
23%
1980 0 Tours FC
23%
1913 0 Udinese Calcio
23%
2017 0 Amiens SC
19%
1888 3 Blackburn Rovers
19%
1987 0 Chamois niortais FC
19%
1913 0 Côme
19%
2015 0 Gazélec FC Ajaccio
19%
1903 6 Hambourg SV
19%
2008 0 Hull City
19%
2004 0 Istres FC
19%
1963 0 Levante
19%
1958 0 Limoges Football
19%
1955 0 Luton Town
19%
1988 0 Millwall
19%
1993 0 SC Fribourg
19%
1892 4 Sheffield Wednesday
19%
1971 0 VfL Bochum
19%
1982 0 Watford
19%
1933 4 Werder Brême
19%
1888 1 West Bromwich Albion
19%
1911 3 1. FC Cologne
15%
1941 4 1. FC Kaiserslautern
15%
1920 0 AC Monza
15%
2007 0 Almería
15%
1997 0 Châteauroux
15%
1945 1 CO Roubaix-Tourcoing
15%
1986 0 Empoli FC
15%
1906 1 Freiburger FC
15%
1903 2 Hanovre 96
15%
1985 0 Lecce
15%
2016 0 Leganés
15%
1902 0 Middlesbrough
15%
1936 0 RC Roubaix
15%
1926 0 TSV 1860 Munich
15%
2009 0 US Boulogne
15%
2013 0 US Sassuolo
15%
1910 0 Venezia FC
15%
2023 0 1. FC Heidenheim 1846
12%
2010 0 Athlétic Club arlésien
12%
1913 0 Brescia Calcio
12%
1967 0 Coventry City
12%
1888 2 Derby County
12%
2014 0 Eibar
12%
1959 0 Elche
12%
1947 0 FC St. Pauli
12%
1920 3 Huddersfield Town
12%
1932 1 Racing Club de France
12%
1948 1 Rot-Weiss Essen
12%
1921 0 SSC Bari
12%
1921 0 US Salernitana
12%
1986 0 Wimbledon
12%
1969 0 Angoulême Charente F
8%
1888 0 Bolton Wanderers
8%
1906 0 Bristol City
8%
1977 0 Cádiz
8%
2001 0 Chievo Vérone
8%
1932 0 FC Antibes
8%
1995 0 FC Gueugnon
8%
1940 0 FC Mulhouse
8%
1932 0 FC Mulhouse
8%
1909 1 Holstein Kiel
8%
2018 0 Huesca
8%
1985 0 Oxford United
8%
1929 0 Racing Santander
8%
2006 0 Reading
8%
1929 0 Real Oviedo
8%
1920 0 Spezia Calcio
8%
1948 0 SR Colmar
8%
1933 0 SV Waldhof Mannheim
8%
1924 1 VfR Mannheim
8%
2005 0 Wigan Athletic
8%
1942 0 1. FC Sarrebruck
4%
2004 0 1. FSV Mayence 05
4%
1975 0 AC Avignonnais
4%
2003 0 ACN Sienne
4%
1921 0 ACR Messine
4%
1957 0 AS Béziers
4%
1997 0 Barnsley
4%
2017 0 Benevento Calcio
4%
1930 0 Blackpool
4%
1908 0 Bradford City
4%
1914 0 Bradford Park Avenue
4%
1971 0 Burgos
4%
1954 0 Catania FC
4%
1936 0 Charlton Athletic
4%
1962 0 Córdoba
4%
2016 0 FC Crotone
4%
1993 0 FC Martigues
4%
1926 1 Fortuna Düsseldorf
4%
2015 0 Frosinone Calcio
4%
1935 0 Hércules de Alicante
4%
1962 0 Leyton Orient
4%
1912 0 Modène FC
4%
1888 0 Notts County
4%
1912 0 Pise SC
4%
1940 0 Real Murcie
4%
1999 0 Reggina
4%
2014 0 SC Paderborn 07
4%
1978 0 SV Darmstadt 98
4%
1961 0 Tenerife
4%
1914 0 US Cremonese
4%
1912 0 US Livourne
4%
1888 0 Accrington
0%
1919 0 AC Legnano
0%
1919 0 AC Pavie
0%
1975 0 AC Pérouse
0%
1913 0 AC Prato
0%
1914 0 Acqui
0%
1920 0 AC Reggiana
0%
1938 0 Admira Wacker
0%
2003 0 Albacete
0%
1945 0 Alcoyano
0%
1921 0 Ancona
0%
1929 0 Arenas de Getxo
0%
1967 0 AS Aix-en-Provence
0%
1974 0 Ascoli Calcio
0%
1919 0 ASD La Biellese
0%
1920 0 Aurora Pro Patria
0%
1906 2 BFC Viktoria 1889
0%
1895 0 Bury FC
0%
1925 0 Calcio Foggia
0%
1960 0 Calcio Lecco
0%
1914 0 Calcio Padoue
0%
1932 0 CA Paris-Charenton
0%
1974 0 Carlisle United
0%
1919 0 Carpi
0%
1911 1 Casale FBC
0%
1925 0 Casertana FC
0%
1941 0 Castellón
0%
1923 0 Cavese
0%
1973 0 Cesena FC
0%
1929 0 Club Esportiu Europa
0%
1932 0 Club français
0%
1994 0 Compostelle
0%
1956 0 Condal
0%
1955 0 Cultural Leonesa
0%
1891 0 Darwen FC
0%
1977 0 Delfino Pescara
0%
1903 0 DFC Prague
0%
1904 2 Dresdner SC
0%
1921 0 DSC Arminia Bielefeld
0%
1904 1 Eintracht Brunswick
0%
1903 0 Eintracht Duisburg 1848
0%
1932 0 Excelsior AC
0%
1996 0 Extremadura
0%
1941 0 F91 Dudelange
0%
1914 0 FC Chiasso
0%
1995 0 FC Hansa Rostock
0%
2015 0 FC Ingolstadt 04
0%
1908 0 FC Rot-Weiss Erfurt
0%
1947 0 Gimnàstic de Tarragone
0%
1899 0 Glossop North End
0%
1913 3 Greuther Fürth
0%
1901 0 Grimsby Town
0%
1932 0 Hyères FC
0%
1902 1 Karlsruher FV
0%
1903 1 Karlsruher SC
0%
1933 0 Kickers Offenbach
0%
1950 0 Lleida
0%
1987 0 Logroñés
0%
1910 0 L.R. Vicence
0%
1913 0 Lucchese
0%
1919 0 Mantova
0%
1995 0 Mérida
0%
1928 0 MSV Duisbourg
0%
1965 0 Northampton Town
0%
1912 0 Novara FC
0%
1922 1 Novese
0%
1999 0 Numancia
0%
1910 0 Oldham Athletic
0%
1932 0 Olympique d'Alès en Cévennes
0%
1920 0 Piacenza Calcio
0%
1927 0 Pistoiese
0%
1963 0 Pontevedra
0%
1888 2 Preston North End
0%
1920 0 Pro Sesto
0%
1908 7 Pro Vercelli
0%
1939 1 Rapid Vienne
0%
1953 0 Real Jaén
0%
1929 0 Real Unión Club
0%
1978 0 Recreativo de Huelva
0%
1942 0 Sabadell
0%
1974 0 Salamanque
0%
1914 0 Savona
0%
1932 0 SC Fives
0%
1908 0 SC Preussen Münster
0%
1920 0 SPAL
0%
1999 0 SpVgg Unterhaching
0%
1925 0 SS Maceratese
0%
1904 1 SV Blau-Weiss Berlin
0%
1993 0 Swindon Town
0%
1921 0 Tarente FC
0%
1972 0 Ternana Calcio
0%
1951 0 Tetouan
0%
1921 0 Trapani
0%
1921 0 Trévise FBC
0%
1913 0 US Alexandrie
0%
1978 0 US Avellino
0%
1971 0 US Catanzaro
0%
1927 0 US Fiumana
0%
1921 0 US Savoia
0%
1927 0 US Triestina Calcio
0%
1920 0 Varese
0%
2009 0 Xerez
0%
Aucun quiz correspondant
Distribution des résultats
% des personnes avec chaque résultat
Percentile par nombre de réponses
Votre historique - résultats
Vous n’avez pas pris ce quiz depuis la dernière actualisation